Statistics for NBA Defunct Teams Logo Quiz

Click here to take the quiz!

General Stats

  • This quiz has been taken 34 times
  • The average score is 7 of 16

Answer Stats

Answer % Correct
Seattle Supersonics
97%
Buffalo Braves
61%
Cincinnati Royals
61%
Denver Nuggets
61%
Providence Steam Rollers
55%
Chicago Stags
52%
Baltimore Bullets
48%
Toronto Huskies
42%
Washington Capitols
39%
Syracuse Nationals
39%
Waterloo Hawks
35%
Cleveland Rebels
19%
St.Louis Bombers
19%
Sheboygan Red Skins
16%
Indianapolis Olympians
16%
Anderson packers
6%

Score Distribution

Percentile by Number Answered

Percent of People with Each Score

Your Score History

You have not taken this quiz